Accountancy: (Record no. 9757)

MARC details
000 -LEADER
fixed length control field 00423nam a22001457a 4500
008 - FIXED-LENGTH DATA ELEMENTS--GENERAL INFORMATION
fixed length control field 231205b |||||||| |||| 00| 0 eng d
020 ## - INTERNATIONAL STANDARD BOOK NUMBER
International Standard Book Number 9788183323895
082 ## - DEWEY DECIMAL CLASSIFICATION NUMBER
Classification number 657 TUL
100 ## - MAIN ENTRY--PERSONAL NAME
Personal name Tulsian's, P C
245 ## - TITLE STATEMENT
Title Accountancy:
Remainder of title Accounting for Not-for-Profit Organizations, Partnership Firms and Companies.
250 ## - EDITION STATEMENT
Edition statement 10th ed.
260 ## - PUBLICATION, DISTRIBUTION, ETC.
Place of publication, distribution, etc. Delhi :
Name of publisher, distributor, etc. Ratna Sagar,
Date of publication, distribution, etc. 2002.
300 ## - PHYSICAL DESCRIPTION
Extent 4.12 p:
Dimensions 23 Cm.
942 ## - Added entry Elements (Koha)
Source of classification or shelving scheme Dewey Decimal Classification
Holdings
Withdrawn status Lost status Source of classification or shelving scheme Damaged status Not for loan Collection code Home library Current library Shelving location Date acquired Serial Enumeration / chronology Total Checkouts Full call number Barcode Date last seen Date last checked out Price effective from Koha item type
    Dewey Decimal Classification     Main TEST RTC Library RTC Library Main opac 05/12/2023 177997 1 657 TUL 30019037 01/10/2024 08/08/2024 05/12/2023 Main
Royal Thimphu College || All Right Reserved